Statistics for Deep Purple Albums

Click here to take the quiz!

General Stats

  • This quiz has been taken 221 times
    (139 since last reset)
  • The average score is 12 of 20

Answer Stats

HintAnswer% Correct
1972Machine Head
93%
1970In Rock
87%
1974Burn
86%
1971Fireball
83%
1969Deep Purple
81%
1974Stormbringer
81%
1984Perfect Strangers
79%
1975Come Taste the Band
68%
1973Who Do We Think We Are
66%
1968Shades of Deep Purple
65%
2003Bananas
59%
1996Purpendicular
51%
1987The House of Blue Light
49%
1993the Battle Rages On
47%
1969The Book of Taliesyn
46%
2017Infinite
41%
2013Now What?!
40%
1990Slaves and Masters
39%
2005Rapture of the Deep
34%
1998Abandon
32%

Score Distribution

Percentile by Number Answered

Percent of People with Each Score

Your Score History

You have not taken this quiz since the last reset